Music Quiz

Random Music or Artist Quiz

Rain Songs Quiz Stats

 Plays Quiz Updated Dec 29, 2018

     
Support Sporcle.
Go Orange.
Score 0/30 Timer 08:00
6 Plays Today
Artist/Band Song % Correct
PrincePurple Rain
81.2%
Guns 'n' RosesNovember Rain
63.7%
The Weather GirlsIt's Raining Men
51.9%
Creedence Clearwater RevivalHave You Ever Seen the Rain?
48.5%
Gene KellySingin' in the Rain
46.8%
Blind MelonNo Rain
41.1%
Judy GarlandOver the Rainbow
36.7%
James TaylorFire and Rain
29.9%
Led ZeppelinFool in the Rain
25.7%
Burt BacharachRaindrops Keep Fallin' on My Head
25.7%
Milli VanilliBlame it on the Rain
24.4%
GarbageOnly Happy When it Rains
19.7%
Kermit the FrogThe Rainbow Connection
19.1%
AshantiRain on Me
16.2%
EurythmicsHere Comes The Rain Again
16.2%
Artist/Band Song % Correct
The CarpentersRainy Days and Mondays
15.6%
Eric ClaptonLet It Rain
13.2%
Eddie RabbittI Love a Rainy Night
12.7%
Counting CrowsRain King
12.7%
Peter GabrielRed Rain
11.2%
Ozzy OsbourneBlack Rain
10.5%
Bob DylanA Hard Rain's a-Gonna Fall
9.4%
Elvis PresleyKentucky Rain
9.1%
Phil CollinsI Wish it Would Rain Down
7.8%
Billie MyersKiss the Rain
5.8%
Gary AllenSongs About Rain
5.7%
Barry ManilowI Made it Through the Rain
3.1%
Roy AcuffBlue Eyes Crying In The Rain
1.9%
Keith WhitleyI'm No Stranger To The Rain
1.8%
Smashing PumpkinsRaindrops and Sunshowers
1.1%

From the Vault

Countries Without McDonald's

by radioactive

Ba da ba ba ba - these countries aren't lovin' it.
Remove Ads.
Support Sporcle.
Get the best of Sporcle when you Go Orange. This ad-free experience offers more features, more stats, and more fun while also helping to support Sporcle. Thank you for becoming a member.

Show Comments

Extras

Top Quizzes Today


Score Distribution

Your Account Isn't Verified!

In order to create a playlist on Sporcle, you need to verify the email address you used during registration. Go to your Sporcle Settings to finish the process.

Report this User

Report this user for behavior that violates our Community Guidelines.

Details: